| 000 | 00000nam##2200000za#4500 |
| 001 | 9.700415 |
| 003 | CaOODSP |
| 005 | 20210625000825 |
| 007 | cr ||||||||||| |
| 008 | 150407|1982||||xxc|||||o f|0| 0 eng|d |
| 040 | |aCaOODSP|beng |
| 043 | |an-cn--- |
| 086 | 1 |aA53-1733/1982E-PDF |
| 110 | 1 |aCanada.|bAgriculture Canada. |bCommunications Branch. |
| 245 | 10|aNursery propagation of woody and herbaceous perennials for the Prairie Provinces / |h[electronic resource]|c[by] D.E. Vanstone, W.G. Ronald, and H.H. Marshall. |
| 260 | |aOttawa - Ontario : |bAgriculture Canada. |c1982. |
| 300 | |a52p.|bfigs. |
| 500 | |aIncorrect copyright date (1992) printed in this publication. |
| 500 | |aHistorical publication digitized by Agriculture and Agri-Food Canada. |
| 504 | |aBibliography. |
| 590 | |a15-03-Supp|b2015-03-13 |
| 690 | 07|aPlants|2gcpds |
| 690 | 07|aWild plants|2gcpds |
| 720 | 1 |aVanstone, D. E. |
| 720 | 1 |aRonald, W. G. |
| 720 | 1 |aMarshall, H. H. |
| 775 | 08|tMultiplication en pépinière de plantes vivaces ligneuses et herbacées pour les provinces des Prairies / |w(CaOODSP)9.644302 |
| 856 | 40|ahttp://publications.gc.ca|qPDF|s3741 KB|uhttps://publications.gc.ca/collections/collection_2015/aac-aafc/A53-1733-1982-eng.pdf |
| 986 | |aPublication 1733E |